Loading...
| Literature - World | 0 | 10 | 0 | 0 | 100 | 24 | 64.40 | 6 | 9 | 40.80 | 69.51 |
| Literature - British | 0 | 7 | 1 | 0 | 65 | 54 | 90.29 | 2 | 3 | 20.07 | 35.59 |
| Literature - American | 0 | 6 | 1 | 0 | 55 | 30 | 81.83 | 0 | 2 | 19.75 | 31.33 |
| Philosophy | 0 | 6 | 1 | 1 | 55 | 71 | 99.00 | 3 | 3 | 9.55 | 32.80 |
| Social Science | 0 | 5 | 1 | 1 | 45 | 36 | 64.40 | 2 | 4 | 18.08 | 26.92 |
| Fine Arts - Painting and Sculpture | 0 | 5 | 1 | 1 | 45 | 51 | 76.80 | 3 | 4 | 14.62 | 34.06 |
| Fine Arts - Other | 0 | 5 | 2 | 1 | 40 | 39 | 91.60 | 1 | 3 | 11.18 | 29.58 |
| History - World | 0 | 4 | 1 | 0 | 35 | 55 | 66.25 | 2 | 4 | 15.60 | 28.53 |
| History - Other | 0 | 3 | 0 | 0 | 30 | 56 | 75.67 | 0 | 0 | 8.95 | 14.62 |
| Literature - European | 0 | 4 | 2 | 0 | 30 | 51 | 70.50 | 2 | 4 | 14.81 | 26.92 |
| History - European | 0 | 3 | 2 | 0 | 20 | 78 | 89.00 | 0 | 1 | 6.89 | 13.64 |
| Popular Culture | 0 | 2 | 0 | 0 | 20 | 64 | 71.00 | 0 | 0 | 33.52 | 35.45 |
| Religion | 0 | 2 | 0 | 0 | 20 | 31 | 56.50 | 1 | 2 | 8.49 | 14.69 |
| Science - Other | 0 | 2 | 1 | 0 | 15 | 47 | 54.00 | 2 | 2 | 8.42 | 14.62 |
| Geography | 0 | 1 | 0 | 0 | 10 | 90 | 90.00 | 0 | 1 | 10.43 | 27.27 |
| History - American | 0 | 1 | 1 | 0 | 5 | 51 | 51.00 | 0 | 0 | 4.48 | 5.38 |
| Mythology | 0 | 0 | 1 | 0 | -5 | 0.00 | 0 | 0 | 0.00 | 0.00 |